Počtovnica pre 2. postupný roč. všeobecnovzdelávacích škôl /

Uložené v:
Podrobná bibliografia
Hlavní autori: Gulová, Miloslava, 1926- (Author), Žilinková, Júlia, 1919- (Author)
Médium: Kniha
Jazyk:Slovak
Vydané: Bratislava : Slovenské pedagogické nakladateľstvo, 1960.
Vydanie:6. vyd.
ISBN: (viaz.)
Fyzický popis: 164 s. : il.
Tagy: Pridať tag
Žiadne tagy, Buďte prvý kto otaguje tento záznam!

MARC

LEADER 00000nam a22000007a 4500
001 000578317
005 20180423175001.0
008 040109s1960 xo e slo d
020 |a (viaz.)  |c Kčs 5,20 
040 |a SVKKK  |b slo  |c SVKKK  |e AACR2 
041 0 |a slo 
044 |a xo  |c SK 
100 1 |a Gulová, Miloslava,  |d 1926-  |4 aut 
245 1 0 |a Počtovnica pre 2. postupný roč. všeobecnovzdelávacích škôl /  |c Miloslava Gulová, Júlia Žilinková. 
250 |a 6. vyd. 
260 |a Bratislava :  |b Slovenské pedagogické nakladateľstvo,  |c 1960. 
300 |a 164 s. :  |b il. 
700 1 |a Žilinková, Júlia,  |d 1919-  |4 aut 
910 |a svkkk 
998 |a BK 
090 |g SCKHL  |k Sklad Pribinova 2. posch.  |a III.37280  |j 262572  |i 2720319953  |s Prezenčne 
090 |g SCKHL  |k Sklad Pribinova 2. posch.  |a III.81528  |j 270658  |i 2720378282  |s Prezenčne